[Event "Biel ATO 55th"]
[Site "Biel"]
[Date "2022.??.??"]
[Round "7"]
[White "Al Helaoy, Majed"]
[Black "Hamad, Bader"]
[Result "1-0"]
[WhiteElo "2015"]
[BlackElo "1918"]
[PlyCount "131"]
[EventDate "2022.07.13"]
[EventType "swiss"]
[EventRounds "9"]
[EventCountry "SUI"]
[SourceTitle "EXT 2024"]
[Source "ChessBase"]
[SourceDate "2023.10.10"]
[SourceVersion "1"]
[SourceVersionDate "2023.10.10"]
[SourceQuality "1"]

1. Nf3 Nf6 2. g3 d5 3. Bg2 Bg4 4. c4 c6 5. b3 Nbd7 6. Bb2 e6 7. 0-0 Bd6 8. d3 0-0 9. Nbd2 e5 10. cxd5 cxd5 11. Rc1 Re8 12. Qc2 a5 13. e4 Ra6 14. exd5 Nxd5 15. Nc4 Nb4 16. Qb1 Bb8 17. a3 Nc6 18. Rfe1 f6 19. Nfd2 Nf8 20. Ne4 Ne6 21. Ne3 Bh5 22. Nf5 Bg6 23. Nh4 Bf7 24. Nf5 Bg6 25. Nh4 Bf7 26. Nf3 Ba7 27. Ba1 Qe7 28. Nfd2 Ned4 29. Nc4 Rd8 30. a4 Nb4 31. Kh1 Bh5 32. Nc3 Bf3 33. Nb5 Bxg2+ 34. Kxg2 h6 35. Nxa7 Rxa7 36. Re3 Qe6 37. Bc3 Qd5+ 38. f3 Nf5 39. Bxb4 axb4 40. Re4 Nd4 41. Ne3 Qd6 42. Nc4 Qe6 43. f4 b5 44. Nd2 Qd5 45. Kf2 bxa4 46. bxa4 Rxa4 47. Rc4 Rda8 48. fxe5 fxe5 49. Rxb4 Rf8+ 50. Kg2 Ra2 51. Rb2 Rfa8 52. Nc4 Ra1 53. Rb8+ Kh7 54. Qb7 R8a2+ 55. Kh3 Qe6+ 56. g4 Rh1 57. Nb2 Rb1 58. Re2 Qg6 59. Rd2 Ra3 60. Qc8 Rxd3+ 61. Nxd3 Rxb8 62. Qxb8 Nf3 63. Nxe5 Qf6 64. Qb1+ Kg8 65. Qb3+ Kh7 66. Qd3+ 1-0

[Event "Biel ATO 55th"]
[Site "Biel"]
[Date "2022.??.??"]
[Round "4"]
[White "Altok, Mesut"]
[Black "Al Helaoy, Majed"]
[Result "1-0"]
[WhiteElo "1890"]
[BlackElo "2015"]
[PlyCount "85"]
[EventDate "2022.07.13"]
[EventType "swiss"]
[EventRounds "9"]
[EventCountry "SUI"]
[SourceTitle "EXT 2024"]
[Source "ChessBase"]
[SourceDate "2023.10.10"]
[SourceVersion "1"]
[SourceVersionDate "2023.10.10"]
[SourceQuality "1"]

1. d4 d5 2. Nf3 Nf6 3. c4 e6 4. cxd5 exd5 5. Nc3 Bd6 6. Bg5 c6 7. e3 Qb6 8. a3 Ne4 9. Qc2 0-0 10. Bd3 f5 11. h4 Qc7 12. Ne2 Be6 13. Rc1 a5 14. Bf4 Nd7 15. Ng5 Rae8 16. Nxe6 Rxe6 17. f3 Ng3 18. Bxg3 Bxg3+ 19. Kd2 Bf2 20. e4 fxe4 21. fxe4 Qb6 22. Qc3 Nf6 23. e5 Ng4 24. Rh3 Kh8 25. Bb1 Rh6 26. h5 Qd8 27. Kc2 Qg5 28. Kb3 Rxh5 29. Rf1 Kg8 30. Rf3 Rxf3 31. gxf3 Rh3 32. Ka2 Bh4 33. Qc2 Nh6 34. Qxh7+ Kf8 35. Qh8+ Ke7 36. Qc8 Rh2 37. Rg1 Rg2 38. Rxg2 Qxg2 39. Nf4 Qg5 40. Bg6 Nf7 41. Qc7+ Ke8 42. Bxf7+ Kf8 43. Ne6# 1-0

[Event "Oberliga Baden 1920"]
[Site "Baden"]
[Date "2020.02.09"]
[Round "6.7"]
[White "Reichel, Jonathan"]
[Black "Al Helaoy, Majed"]
[Result "1/2-1/2"]
[WhiteElo "2118"]
[BlackElo "2031"]
[PlyCount "111"]
[EventDate "2019.09.29"]
[EventType "team-tourn"]
[EventRounds "9"]
[EventCountry "GER"]
[SourceTitle "CBM 195 Extra"]
[Source "ChessBase"]
[SourceDate "2020.05.31"]
[SourceVersion "1"]
[SourceVersionDate "2020.05.31"]
[SourceQuality "1"]
[WhiteTeam "Ettlingen"]
[BlackTeam "Viernheim II"]
[WhiteTeamCountry "GER"]
[BlackTeamCountry "GER"]

1. e4 c6 2. d4 d5 3. exd5 cxd5 4. c4 Nf6 5. Nc3 Nc6 6. Nf3 Bg4 7. cxd5 Nxd5 8. Qb3 Bxf3 9. gxf3 e6 10. Qxb7 Nxd4 11. Bb5+ Nxb5 12. Qc6+ Ke7 13. Qxb5 Nxc3 14. bxc3 Qd5 15. Qe2 f6 16. Be3 Kf7 17. 0-0 Bd6 18. Rfd1 Qc6 19. Rd4 Rhd8 20. Rad1 Be7 21. Rxd8 Bxd8 22. Bxa7 Rxa7 23. Rxd8 Qxc3 24. Qb5 Qc1+ 25. Kg2 Qg5+ 26. Qxg5 fxg5 27. Rd2 Ra4 28. Kg3 Kf6 29. Rb2 h5 30. Rc2 Kf5 31. h3 Ra3 32. Kg2 Ra4 33. Re2 Ra3 34. Rb2 Ke5 35. Rb5+ Kf6 36. Rb2 Ra5 37. Kg3 Kf5 38. Re2 Ra3 39. Kg2 g6 40. Rb2 Ke5 41. Rb5+ Kf6 42. Rb2 Kf5 43. Re2 e5 44. Rb2 Ra6 45. Re2 Ra4 46. Rb2 Ra3 47. Re2 Kf4 48. Re4+ Kf5 49. Re2 Ke6 50. Rb2 Ra6 51. Rd2 Kf5 52. Re2 Ra3 53. Rb2 Ra6 54. Re2 Ra4 55. Rb2 Ra3 56. Re2 1/2-1/2

[Event "Oberliga Baden 1819"]
[Site "Baden"]
[Date "2018.12.16"]
[Round "4.5"]
[White "Trifan, Andrei Ioan"]
[Black "Al Helaoy, Majed"]
[Result "1/2-1/2"]
[WhiteElo "2290"]
[BlackElo "2004"]
[PlyCount "81"]
[EventDate "2018.10.21"]
[EventType "team-tourn"]
[EventRounds "9"]
[EventCountry "GER"]
[SourceTitle "EXT 2020"]
[Source "ChessBase"]
[SourceDate "2019.10.17"]
[SourceVersion "1"]
[SourceVersionDate "2019.10.17"]
[SourceQuality "1"]
[WhiteTeam "Sasbach"]
[BlackTeam "Buchen"]
[WhiteTeamCountry "GER"]
[BlackTeamCountry "GER"]

1. e4 e6 2. d4 d5 3. Nc3 dxe4 4. Nxe4 Bd7 5. Nf3 Bc6 6. Bd3 Nd7 7. 0-0 Ngf6 8. Qe2 Be7 9. c4 0-0 10. Bf4 Nxe4 11. Bxe4 Bxe4 12. Qxe4 c6 13. Rad1 Qa5 14. Qc2 Bf6 15. a3 Rfe8 16. Rfe1 Nf8 17. Ne5 Rad8 18. Qc3 Qxc3 19. bxc3 Ng6 20. Nxg6 hxg6 21. g4 g5 22. Be5 Rd7 23. a4 Bxe5 24. Rxe5 f6 25. Re2 Kf7 26. f3 e5 27. Kf2 g6 28. Kg3 Ke6 29. Rde1 Kf7 30. dxe5 Rxe5 31. Rxe5 fxe5 32. Rxe5 Kf6 33. Re8 Rd3 34. Rb8 b6 35. Rc8 c5 36. Rc6+ Kg7 37. Rc7+ Kh6 38. Rxa7 Rxc3 39. Rb7 Rxc4 40. Rxb6 Rxa4 41. Rc6 1/2-1/2

[Event "Oberliga Baden 1819"]
[Site "Baden"]
[Date "2018.11.11"]
[Round "2.5"]
[White "Wirthensohn, Heinz"]
[Black "Al Helaoy, Majed"]
[Result "1-0"]
[WhiteElo "2312"]
[BlackElo "2004"]
[PlyCount "83"]
[EventDate "2018.10.21"]
[EventType "team-tourn"]
[EventRounds "9"]
[EventCountry "GER"]
[SourceTitle "EXT 2020"]
[Source "ChessBase"]
[SourceDate "2019.10.17"]
[SourceVersion "1"]
[SourceVersionDate "2019.10.17"]
[SourceQuality "1"]
[WhiteTeam "Brombach"]
[BlackTeam "Buchen"]
[WhiteTeamCountry "GER"]
[BlackTeamCountry "GER"]

1. d4 d5 2. Nf3 Nf6 3. c4 c6 4. Nc3 dxc4 5. e3 Bf5 6. Bxc4 e6 7. 0-0 Nbd7 8. Qe2 Ne4 9. Nd2 Ndf6 10. Ndxe4 Nxe4 11. f3 Nxc3 12. bxc3 Be7 13. e4 Bg6 14. f4 Qd7 15. f5 exf5 16. exf5 Bxf5 17. Rxf5 Qxf5 18. Ba3 0-0 19. Qxe7 Rfe8 20. Qh4 Re4 21. Qg3 Qf4 22. Rf1 Qxg3 23. hxg3 b5 24. Bxf7+ Kh8 25. Bc5 Re3 26. Rf3 Rxf3 27. gxf3 g6 28. Kf2 Kg7 29. Be6 Rd8 30. Bxa7 Kf6 31. Bb3 h5 32. f4 Kf5 33. Bb6 Rh8 34. Bc2+ Kg4 35. Bxg6 h4 36. gxh4 Rxh4 37. f5 Rh3 38. Ke2 Kg5 39. Bd8+ Kh6 40. Kd2 Rh2+ 41. Kd3 Rxa2 42. Be7 1-0

[Event "World Amateur-ch U2000"]
[Site "Spoleto"]
[Date "2017.04.02"]
[Round "3"]
[White "Al Helaoy, Majed"]
[Black "Donati, Michele"]
[Result "1-0"]
[WhiteElo "1993"]
[BlackElo "1935"]
[PlyCount "78"]
[EventDate "2017.04.01"]
[EventType "swiss"]
[EventRounds "9"]
[EventCountry "ITA"]
[SourceTitle "EXT 2024"]
[Source "ChessBase"]
[SourceDate "2023.10.10"]
[SourceVersion "1"]
[SourceVersionDate "2023.10.10"]
[SourceQuality "1"]

1. e4 c5 2. Nf3 e6 3. Nc3 a6 4. Be2 Qc7 5. 0-0 Nf6 6. d3 Be7 7. Ng5 h6 8. Nh3 d6 9. f4 Nc6 10. Qe1 Nd4 11. Bd1 b6 12. Ne2 Nxe2+ 13. Bxe2 Bb7 14. Qg3 0-0-0 15. Be3 Kb8 16. c3 Ka8 17. Qf2 Nd7 18. a4 Rdg8 19. b4 c4 20. dxc4 Bxe4 21. a5 b5 22. cxb5 axb5 23. Bxb5 g5 24. fxg5 Ne5 25. Bf4 Nf3+ 26. gxf3 hxg5 27. Bg3 Bd5 28. c4 Bb7 29. Qb6 Rc8 30. Qxc7 Rxc7 31. Nxg5 Bxg5 32. Bxd6 Be3+ 33. Kh1 Rcc8 34. a6 Bc6 35. Bxc6+ Rxc6 36. c5 Bd4 37. Ra2 e5 38. b5 Rcc8 39. b6 Rc6 1-0